Derecho Constitucional y Derecho Privado.
Saved in:
| 主要作者: | |
|---|---|
| 其他作者: | |
| 格式: | 圖書 |
| 語言: | 英语 |
| 出版: |
Madrid, España:
Civitas,
1995.
|
| 版: | Primera edición. |
| 叢編: | Cuadernos Civitas.
|
| 主題: | |
| 標簽: |
添加標簽
沒有標簽, 成為第一個標記此記錄!
|
MARC
| LEADER | 00000nam a22000007a 4500 | ||
|---|---|---|---|
| 003 | CL-VaPUC | ||
| 005 | 20240820163150.0 | ||
| 008 | 220309t1995 ||||| |||| 00| 0 eng d | ||
| 999 | |c 434773 |d 434771 | ||
| 020 | |a 84-470-0632-8 | ||
| 040 | |c Pontificia Universidad Católica de Valparaíso | ||
| 082 | 0 | 4 | |2 22 |a 342.43 HES 1995 |
| 100 | 1 | |a Hesse, Konrad |9 329495 |e autor | |
| 245 | 1 | 0 | |a Derecho Constitucional y Derecho Privado. |
| 250 | |a Primera edición. | ||
| 260 | |a Madrid, España: |b Civitas, |c 1995. | ||
| 300 | |a 88 páginas. | ||
| 490 | 0 | |a Cuadernos Civitas. | |
| 500 | |a c.1 Donación Familia Prof. Alejandro Guzmán Brito. | ||
| 583 | |c 20220309 |k Yessy Stephany Diaz Vidal | ||
| 650 | 1 | |a Derecho constitucional alemán |9 222588 | |
| 650 | 1 | |a Derecho privado alemán |9 258243 | |
| 650 | 1 | 0 | |a Derecho civil alemán |9 432135 |
| 700 | |a Gutiérrez Gutiérrez, Ignacio |e traducción |e introducción |9 867082 | ||
| 942 | |2 ddc |c BK |n 0 | ||
| 952 | |0 0 |1 0 |2 ddc |4 0 |6 342_430000000000000_HES_1995 |7 0 |8 C_AGB |9 581779 |a BIBDER |b BIBDER |d 2022-03-09 |e Donación |i 5650018 |l 1 |o 342.43 HES 1995 |p 5650018 |r 2023-04-05 |s 2023-04-05 |t 1 |w 2022-03-09 |y BK_US |k AGB | ||